Isolation and Characterization of Flavonoids from Berberis lycium Leaves / (Record no. 526462)

000 -LEADER
fixed length control field 00573nam a22001817a 4500
003 - CONTROL NUMBER IDENTIFIER
control field NUST
038 ## - RECORD CONTENT LICENSOR
Staff Name Mr. Zahoor
082 ## - DEWEY DECIMAL CLASSIFICATION NUMBER
Classification number 610.28
100 ## - MAIN ENTRY--PERSONAL NAME
Personal name Tahir, Shazia
9 (RLIN) 17469
245 ## - TITLE STATEMENT
Title Isolation and Characterization of Flavonoids from Berberis lycium Leaves /
Statement of responsibility, etc. Shazia Tahir
260 ## - PUBLICATION, DISTRIBUTION, ETC.
Place of publication, distribution, etc. Islamabad :
Name of publisher, distributor, etc. SMME - NUST,
Date of publication, distribution, etc. 2018.
300 ## - PHYSICAL DESCRIPTION
Extent xvi,63 p. : ill. ;
Dimensions 30cm.
500 ## - GENERAL NOTE
General note Hardcover.
650 ## - SUBJECT ADDED ENTRY--TOPICAL TERM
Topical term or geographic name entry element Biomedical Science - MS Thesis
9 (RLIN) 16111
700 ## - ADDED ENTRY--PERSONAL NAME
Personal name Dr. Nosheen Rana
9 (RLIN) 17470
856 ## - ELECTRONIC LOCATION AND ACCESS
Uniform Resource Identifier <a href=" http://10.250.8.41:8080/xmlui/handle/123456789/8315"> http://10.250.8.41:8080/xmlui/handle/123456789/8315</a>
942 ## - ADDED ENTRY ELEMENTS (KOHA)
Source of classification or shelving scheme
Koha item type Thesis
Holdings
Withdrawn status Lost status Source of classification or shelving scheme Damaged status Not for loan Permanent Location Current Location Shelving location Date acquired Full call number Barcode Date last seen Price effective from Koha item type
          Central Library (CL) Central Library (CL) Thesis 07/12/2019 610.28 CL-T-2403 07/14/2019 07/12/2019 Thesis
© 2023 Central Library, National University of Sciences and Technology. All Rights Reserved.